| 000 | 00597nam a22001937a 4500 | ||
|---|---|---|---|
| 005 | 20240215153933.0 | ||
| 010 | _aENG-139256 | ||
| 020 |
_a9788119847754 _c449.00 |
||
| 035 | _aEN-122788 | ||
| 037 | _bDBAD/PUB | ||
| 082 | _a382 | ||
| 100 |
_aVarma,Sumati _962168 |
||
| 245 |
_aFundamentals of International Business / _cSumati Varma |
||
| 250 | _a5 | ||
| 260 |
_auttar pradesh _bPearson India Education Services Pvt.Ltd _c2024 |
||
| 270 |
_aist floor , berger tower,plotno.c-001A/2,Sector 16B _bNoida _e201301 |
||
| 300 |
_a303p. _c24cm(pbk) |
||
| 942 |
_2ddc _cEN _h382 _mVAR |
||
| 999 |
_c200813 _d200813 |
||